Statistiques concernant Les Gérard célèbres - Photos

Cliquez ici pour prendre le quiz!

Statistiques générales

  • Ce quiz a été pris 263 fois
  • Le résultat moyen est 8 sur 15

Statistiques - réponses

Réponse% Correct
Depardieu
100%
Jugnot
97%
Darmon
87%
Lanvin
75%
Piqué
68%
Hernandez
66%
Lenorman
64%
Larcher
51%
Collomb
45%
Philipe
34%
Majax
31%
Butler
23%
Blanchard
16%
Longuet
13%
Filoche
6%

Distribution des résultats

Percentile par nombre de réponses

% des personnes avec chaque résultat

Votre développement - résultats

Vous n’avez pas pris ce quiz